<?xml version="1.0" encoding="UTF-8"?>
<marc:record xmlns:marc="http://www.loc.gov/MARC21/slim">
   <marc:leader>00000nam a2200000 a 4500</marc:leader>
   <marc:datafield ind1="0" ind2="0" tag="245">
      <marc:subfield code="a">Hugo [Spiel]</marc:subfield>
   </marc:datafield>
   <marc:datafield ind1="0" ind2="0" tag="245">
      <marc:subfield code="b">Das Schlossgespenst</marc:subfield>
   </marc:datafield>
   <marc:datafield ind1=" " ind2="1" tag="264">
      <marc:subfield code="b">Amigo</marc:subfield>
   </marc:datafield>
   <marc:datafield ind1="1" ind2=" " tag="520">
      <marc:subfield code="a">Die Gäste im Schloss amüsieren sich königlich. Als jedoch die Turmuhr 12-mal schlägt, öffnet sich knarrend die Kellertür und Hugo - das Schlossgespenst erscheint. Sofort verbreitet sich helle Aufregung unter den Gästen. Jeder versucht sich vor Hugo in einem der vielen Schlosszimmer in Sicherheit zu bringen. Doch auch dort sind die Gäste nicht das ganze Spiel über sicher. Wen Hugo fängt, wird in den Keller verbannt und erhält Gruselpunkte. Wer wird am Ende des mitternächtlichen Abenteuers die wenigsten Gruselpunkte besitzen?</marc:subfield>
   </marc:datafield>
   <marc:datafield ind1=" " ind2=" " tag="020">
      <marc:subfield code="a">4007396036107</marc:subfield>
      <marc:subfield code="9">4007396036107</marc:subfield>
   </marc:datafield>
   <marc:datafield ind1=" " ind2=" " tag="500">
      <marc:subfield code="a">1 Spielplan, 1 Hugo-Figur, 1 Hugo-Chips, 1 Sonderwürfel, 8 Gäste-Chips (grün, weiß, lila, schwarz,  gelb, türkis, rot, blau), 30 Gäste-Figuren (je 2 in grün, weiß u. lila, 3 in schwarz,  4 in gelb, 5 in türkis,je 6 in  rot u. blau). Spielanleitung</marc:subfield>
   </marc:datafield>
   <marc:datafield ind1="0" ind2=" " tag="490">
      <marc:subfield code="v">0</marc:subfield>
   </marc:datafield>
</marc:record>
